Way to Be! (Record no. 11276)

MARC details
000 -LEADER
fixed length control field 00632nam a2200241 a 4500
001 - CONTROL NUMBER
control field 0001-1276
003 - CONTROL NUMBER IDENTIFIER
control field ELIB.Books
008 - FIXED-LENGTH DATA ELEMENTS--GENERAL INFORMATION
fixed length control field 150625 2010 eng
020 ## - INTERNATIONAL STANDARD BOOK NUMBER
International Standard Book Number 0743238303
035 ## - SYSTEM CONTROL NUMBER
System control number (ELIB.Books)0001-1431
092 ## - LOCALLY ASSIGNED DEWEY CALL NUMBER (OCLC)
Classification number 248.4
Item number Hin
100 ## - MAIN ENTRY--PERSONAL NAME
Personal name Hinckly, Gordon B.
245 ## - TITLE STATEMENT
Title Way to Be!
Remainder of title 9 Ways to Be happy and Make Something of Your Life
260 ## - PUBLICATION, DISTRIBUTION, ETC. (IMPRINT)
Place of publication, distribution, etc. Texas
Name of publisher, distributor, etc. Simon & Schuster
Date of publication, distribution, etc. 2002
300 ## - PHYSICAL DESCRIPTION
Extent 125
Dimensions 19 Cm
500 ## - GENERAL NOTE
General note Library
650 ## - SUBJECT ADDED ENTRY--TOPICAL TERM
Topical term or geographic name as entry element Christian Life
856 ## - ELECTRONIC LOCATION AND ACCESS
Name of location of host KBTS: Library
Uniform Resource Identifier <a href="KBTS: Elib">KBTS: Elib</a>
942 ## - ADDED ENTRY ELEMENTS (KOHA)
Source of classification or shelving scheme Dewey Decimal Classification
Koha item type Books
990 ## - EQUIVALENCES OR CROSS-REFERENCES [LOCAL, CANADA]
Link information for 9XX fields 1
998 ## - LOCAL CONTROL INFORMATION (RLIN)
Cataloger's initials, CIN (RLIN) bat
-- 2015-06-25
Holdings
Withdrawn status Lost status Source of classification or shelving scheme Damaged status Not for loan Home library Current library Date acquired Total Checkouts Barcode Date last seen Bill Date Koha item type
    Dewey Decimal Classification     Karen Baptist Theological Seminary Library Karen Baptist Theological Seminary Library 25/06/2015   15537 22/01/2022 22/01/2022 Books
Implemented & Customized by: BestBookBuddies

Powered by Koha